000 00494nam a2200181Ia 4500
005 20250326125540.0
008 250326s9999 xx 000 0 und d
037 _aTextbook
040 _aFMSL
_beng
_cFMSL
041 _aeng
_2eng
084 _aT48 L1
_qFMSL
100 _aAnderson J
_969617
245 0 _aThesis and assignment writing
_cAnderson J
260 _aNew Delhi
_bNew Delhi, Wiley Eastern
_c1971
300 _a135p
942 _cTB
_hT48 L1
999 _c1278527
_d1278527